Pravidla jmenného záznamu speciálních dokumentů a analytického popisu
Enregistré dans:
| Auteur principal: | |
|---|---|
| Format: | Livre |
| Langue: | tchèque |
| Publié: |
Praha
Státní pedagogické nakladatelství
1972
|
| Collection: | Edice Publikace státních vědeckých knihoven
|
| Tags: |
Pas de tags, Soyez le premier à ajouter un tag!
|
MARC
| LEADER | 00000nam a2200000 4500 | ||
|---|---|---|---|
| 001 | c120350 | ||
| 005 | 20041019155216.7 | ||
| 041 | 0 | |a cze | |
| 044 | |a CZ | ||
| 245 | 1 | 0 | |a Pravidla jmenného záznamu |b speciálních dokumentů a analytického popisu |c Hana Vodičková a kol. |
| 264 | 1 | |a Praha |b Státní pedagogické nakladatelství |c 1972 | |
| 300 | |a 199 s. | ||
| 490 | 1 | |a Edice Publikace státních vědeckých knihoven | |
| 830 | 0 | |a Edice Publikace státních vědeckých knihoven | |
| 100 | 1 | |a Vodičková, Hana | |